Catálogo
 En Linea

Historia de Santo Domingo : (Registro nro. 19985)

Detalles MARC
000 -CABECERA
campo de control de longitud fija 00531nam a2200169 u 4500
001 - NÚMERO DE CONTROL
campo de control 000020481
005 - FECHA Y HORA DE LA ÚLTIMA TRANSACCIÓN
campo de control 20200930011122.0
008 - DATOS DE LONGITUD FIJA--INFORMACIÓN GENERAL
campo de control de longitud fija 100809s199u dr a r 000 0 spa d
040 ## - FUENTE DE LA CATALOGACIÓN
Centro catalogador/agencia de origen DO-SdBNP
Lengua de catalogación spa
Centro/agencia transcriptor BNPHU
082 ## - NÚMERO DE LA CLASIFICACIÓN DECIMAL DEWEY
Número de clasificación xxxx
Número de documento/Ítem A795h
100 1# - ENTRADA PRINCIPAL--NOMBRE DE PERSONA
Nombre de persona Arvelo, Jackelyn
Fechas asociadas al nombre 1963-
9 (RLIN) 43167
245 10 - MENCIÓN DE TÍTULO
Título Historia de Santo Domingo :
Resto del título 3,000 A. C. - 1586 /
Mención de responsabilidad, etc. Jackelyn Arvelo.
260 ## - PUBLICACIÓN, DISTRIBUCIÓN, ETC.
Lugar de publicación, distribución, etc. Santo Domingo :
Nombre del editor, distribuidor, etc. Mundilibro,
Fecha de publicación, distribución, etc. [199?].
300 ## - DESCRIPCIÓN FÍSICA
Extensión 144 p :
Otras características físicas il. ;
Dimensiones 210 cm.
590 ## - NOTA LOCAL (RLIN)
Nota local Inventariado, 2019/ YL
500 ## - NOTA GENERAL
Nota general Incluye indice onomástico
Existencias
Estado de retiro Estado de pérdida No para préstamo Código de colección Localización permanente Ubicación/localización actual Ubicación en estantería Fecha de adquisición Número de inventario Total de préstamos Signatura topográfica completa Código de barras Fecha visto por última vez Precio válido a partir de Tipo de ítem Koha Nota pública
    Excluido de préstamo Patrimonio Dominicano Patrimonio Dominicano Patrimonio Dominicano En catalogación 19.07.2019 LF1   xxxx A795h 20481-10 25.06.2020 25.06.2020 Libro y Folleto Colección Patrimonio Dominicano Donación Familia Reyes Duluc

Con tecnología Koha